| 000 | 00690nam a2200205Ia 4500 | ||
|---|---|---|---|
| 001 | 9572 | ||
| 003 | GE_BSU | ||
| 008 | 181216s||||||||xx |||||||||||||| ||und|| | ||
| 040 | _cGE_BSU | ||
| 080 | _a821.353.1–32 | ||
| 100 | _aმრევლიშვილი,მიხეილ. | ||
| 245 | _aმოთხრობები. | ||
| 245 | _cრედ.ზ.ჭუმბურიძე.წიგნის გაფორმება გ.ნადირაძისა | ||
| 260 | _aთბილისი | ||
| 260 | _bსახელგამი | ||
| 260 | _c1953 | ||
| 300 | _a227გვ.5ფ.პორტრ.ილ.21სმ. | ||
| 653 | _aმოთხრობები. | ||
| 942 | _cBK | ||
| 999 |
_c42864 _d42864 |
||